| 000 | 00863nam a22001577a 4500 | ||
|---|---|---|---|
| 003 | NUST | ||
| 020 | _a007061797X | ||
| 082 | _a621.3815,STO | ||
| 100 |
_aF. Stout, David _9103751 |
||
| 245 |
_aHandbook of operational amplifier circuit design / _cDavid F. Stout |
||
| 260 |
_aMcGraw Hill _bNew York _c1976 |
||
| 505 | _aIntroduction to operational amplifiers (Page 1-1), Fundamental of circuit design (Page 2-1), Feed back stability (Page 3-1), Amplifiers (Page 4-1), Compatators (Page 5-1), Converters (Page 6-1), Demodulators (Page 7-1), Detectors (Page 8-1), Differen amplifiers (Page 9-1), Low pass filters (Page 10-1), High pass filters (Page 11-1), Bandpass filters (Page 12-1), Bandstop filters (Page 13-1), Frequency control (Page 14-1) | ||
| 650 |
_aOperational amplifiers _956206 |
||
| 651 |
_aElectronics circuits design _9103752 |
||
| 942 |
_2ddc _cBK |
||
| 999 |
_c592519 _d592519 |
||